000 00258nam a2200121Ia 4500
100 _a#N/A
650 _aComputer/ IT
942 _cBK
654 _aFront
245 _aFront Page 2002 / XP Learning Begineers & Advanced
260 _b#N/A
546 _aENGLISH
999 _c20659
_d20659